Statistieken voor Nederlandse Snelwegen - Kaart Quiz

Klik hier om de quiz te nemen!

Algemene statistieken

  • Deze quiz is 793 keer genomen
  • De gemiddelde score is 16 van 45

Antwoorden op de kaart

Antwoorden kleurgecodeerd door een groen-rode schaal op de quizkaart volgens % correct hieronder.
 

Antwoordstatistieken

Antwoord% Correct
A1
74%
A2
73%
A4
67%
A12
64%
A10
61%
A7
57%
A28
55%
A50
55%
A15
53%
A27
51%
A6
51%
A9
44%
A16
42%
A73
41%
A58
40%
A59
40%
A44
39%
A20
37%
A30
35%
A13
34%
A5
32%
A8
30%
A67
29%
A32
27%
A325
27%
A35
27%
A17
26%
A200
26%
A29
26%
A18
24%
A31
24%
A37
23%
A76
23%
A22
21%
A326
21%
A79
21%
A256
19%
A65
19%
A77
19%
A270
17%
A74
17%
A208
16%
A348
16%
A38
15%
A783
10%

Scoreverdeling

Percentiel versus Aantal Correcte Antwoorden

Procent van Mensen met Elke Score

Uw Scoregeschiedenis

U heeft deze quiz nog niet genomen